[Event "ESP-ch Universities"]
[Site "Madrid"]
[Date "2008.05.09"]
[Round "6"]
[White "Rios del Moral, Roberto Neftali"]
[Black "Fernandez Blazquez, Diego"]
[Result "1-0"]
[WhiteElo "2170"]
[BlackElo "2068"]
[PlyCount "129"]
[EventDate "2008.05.08"]
[EventType "swiss"]
[EventRounds "9"]
[EventCountry "ESP"]
[SourceTitle "CBM 124 Extra"]
[Source "ChessBase"]
[SourceDate "2008.07.03"]
[SourceVersion "1"]
[SourceVersionDate "2008.07.03"]
[SourceQuality "1"]

1. d4 Nf6 2. Nf3 e6 3. Bf4 b6 4. e3 Bb7 5. Bd3 Be7 6. Nbd2 d6 7. c3 c5 8. Qe2 a6 9. Rd1 Nbd7 10. 0-0 0-0 11. Nc4 Qc7 12. dxc5 Nxc5 13. Bxd6 Bxf3 14. Bxc7 Bxe2 15. Bxe2 b5 16. Ne5 Nd5 17. Nc6 Rfc8 18. Nxe7+ Nxe7 19. Bd6 Nd5 20. Bxc5 Rxc5 21. Bf3 Rac8 22. Bxd5 Rxd5 23. Rxd5 exd5 24. Rd1 b4 25. cxb4 Kf8 26. Kf1 Rc2 27. Rxd5 Rxb2 28. a3 Rc2 29. Rd6 a5 30. bxa5 Rc3 31. a4 Rc4 32. Rd4 Rc5 33. Rd8+ Ke7 34. Ra8 Rc4 35. Ra7+ Ke6 36. Ra6+ Ke7 37. Rb6 Rxa4 38. a6 Ra2 39. g3 h5 40. h4 g6 41. Kg2 Kf8 42. e4 Ra3 43. e5 Kg7 44. e6 fxe6 45. Rxe6 Kf7 46. Rb6 Kg7 47. Rb7+ Kf6 48. a7 Ke6 49. Kf1 Ra2 50. Ke1 Kf6 51. Kd1 g5 52. hxg5+ Kxg5 53. Kc1 h4 54. gxh4+ Kxh4 55. Kb1 Ra6 56. Kb2 Kg4 57. Kb3 Kf5 58. Kb4 Ke6 59. Kb5 Ra1 60. Rh7 Kd6 61. Rh6+ Kd5 62. Kb6 Rb1+ 63. Kc7 Rc1+ 64. Kb7 Rb1+ 65. Rb6 1-0

[Event "Boadilla del Monte qual"]
[Site "Boadilla del Monte"]
[Date "2007.05.06"]
[Round "3.6"]
[White "Fernandez Blazquez, Diego"]
[Black "Alonso Fernandez, Marcos"]
[Result "1-0"]
[WhiteElo "2055"]
[BlackElo "2439"]
[PlyCount "134"]
[EventDate "2007.05.06"]
[EventType "k.o. (rapid)"]
[EventRounds "3"]
[EventCountry "ESP"]
[SourceTitle "EXT 2009"]
[Source "ChessBase"]
[SourceDate "2008.11.26"]
[SourceVersion "1"]
[SourceVersionDate "2008.11.26"]
[SourceQuality "1"]

1. e4 c5 2. Nf3 d6 3. d4 cxd4 4. Nxd4 Nf6 5. Nc3 a6 6. Bg5 e6 7. f4 Nbd7 8. Qf3 Qc7 9. 0-0-0 b5 10. Bd3 Qb6 11. Nxe6 fxe6 12. e5 Bb7 13. Qh3 dxe5 14. fxe5 0-0-0 15. exf6 gxf6 16. Be3 Bc5 17. Rhe1 Bxe3+ 18. Rxe3 Bxg2 19. Qxe6 Qxe6 20. Rxe6 Kb7 21. Be4+ Bxe4 22. Nxe4 Rhf8 23. Re7 Kc8 24. Rxh7 f5 25. Ng5 Nf6 26. Rxd8+ Rxd8 27. Rf7 Rd6 28. h4 f4 29. c3 a5 30. Kc2 Nd5 31. Nf3 a4 32. Nd4 Rh6 33. Nf3 Rd6 34. b3 Ne3+ 35. Kb2 Nd1+ 36. Ka3 Nxc3 37. Rxf4 axb3 38. Kxb3 Nd5 39. Rd4 Kc7 40. h5 Rf6 41. Rxd5 Rxf3+ 42. Kb4 Rf2 43. a3 Rb2+ 44. Kc3 Rb1 45. Kc2 Ra1 46. Kb2 Rh1 47. Rxb5 Rh3 48. a4 Kc6 49. Rg5 Kb6 50. a5+ Ka6 51. Kc2 Ra3 52. Kd2 Rh3 53. Ke2 Ra3 54. Kf2 Rc3 55. Kg2 Rc2+ 56. Kg3 Rc3+ 57. Kf4 Rc4+ 58. Kf5 Kxa5 59. Kg6+ Kb6 60. h6 Rc6+ 61. Kh7 Rc1 62. Kh8 Kc7 63. h7 Kd6 64. Kg7 Rc7+ 65. Kh6 Rc8 66. Rg8 Rc1 67. h8Q Kd5 1-0